000
00189nam a2200073Ia 4500
008
170524s9999 xx 000 0 und d
100
_a
RAMASWAMY- V.S.
245
0
_a
MARKETING MANAGEMENT
260
_b
new delhi : Sultan chand
999
_c
8346
_d
8346